000 01736cad a22002775a 4500
001 L147913
008 090701s2009 xxk f 000 0 eng d
020 _a9781409815853
035 _a(Sirsi) u147913
041 0 _aeng
050 0 4 _a346.4104343 $2 18
110 2 _aUnited Kingdom
_bDepartment for Communities and Local Government
_94939
245 0 0 _aConsultation on right to manage company articles
_h[electronic resource]
260 _aLondon
_bDCLG
_c2009
505 2 _aSummary of consultation -- Introduction -- The 2006 Companies Act amendments -- Further amendment to RTM company articles -- Annex A: list of questions -- Annex B: current prescribed memorandum and articles of association for RTM companies -- Annex C: model articles for Private Companies Limited by Guarantee under 2006 Companies Act -- Annex D: proposed new draft articles for RTM companies -- Annex E: consultation process
520 _aSets out a proposal to provide new prescribed articles for right to manage companies under the Commonhold and Leasehold Reform Act 2002. The changes proposed are necessary to update the constitutional documents of right to manage companies to reflect the modifications made by the Companies Act 2006. Proposals also seek to make a small amendment to the existing voting provisions.
520 _aDeadline for comments is 16 August 2009.
521 _aAdvanced
590 _aKA NTK
650 2 4 _aCOMPANIES ACT 2006
650 2 4 _aCOMMONHOLD AND LEASEHOLD REFORM ACT 2002
651 4 _aEngland
_y886-
690 _aLandlord and tenant
_96252
856 4 0 _uhttps://www.communities.gov.uk/publications/housing/rtmcompanyarticles
_zView the consultation free of charge at www.communities.gov.uk...
942 _n0
999 _c109784
_d109784